000 00647nam a22001937a 4500
999 _c192856
_d192856
005 20221007110403.0
010 _aUR-11738
020 _a9789392496660
_c400.00
035 _aU-10293
037 _bDBAD/PUB
_a-
082 _a808.88
100 _aمطیع اللّہ نازش
245 _aکشکول اردو ادب /
_cمطیع اللّہ نازش
_hا ر د و
246 _aKashkol-E-Urdu Adab /
_bby Motiullah Nazish
260 _aNew Delhi
_bEducational Publishing House
_c2021 ء
270 _aH.O. D1/16, Ansari Road, Daryaganj
_bNew Delhi
_e110002
300 _a384 ص
_c23cm(Hb)
942 _2ddc
_cUR
_h808.88
_mم ط ی